| 000 | 00752cam a2200241 a 4500 | ||
|---|---|---|---|
| 001 | 2489207 | ||
| 005 | 20180111092413.0 | ||
| 008 | 911227s1992 nyua b 000 0 eng c | ||
| 010 | _a 91045701 | ||
| 020 | _a0881678805 | ||
| 040 |
_aDNLM/DLC _cDLC _dDLC |
||
| 041 | _aeng | ||
| 060 | _aQZ 150 I435 | ||
| 080 | _a616..0473 GAL | ||
| 082 | 0 | 0 |
_a616..0473 GAL _220 |
| 100 | _a3 | ||
| 101 | _aSHM | ||
| 245 | 0 | 0 |
_aInflammation : _ceditors, John I. Gallin, Ira M. Goldstein, Ralph Snyderman. |
| 504 | _aIncludes bibliographical references and index. | ||
| 906 |
_a7 _bcbc _corignew _d1 _eocip _f19 _gy-gencatlg |
||
| 942 |
_2ddc _cBK |
||
| 999 |
_c40145 _d40145 |
||